000 00924nam a2200289 i 4500
003 EG-GICUC
005 20260121101235.0
008 251117s1937 -uk ||f |||| 000 0 eng d
040 _aEG-GiCUC
_beng
_cEG-GiCUC
_dEG-GiCUC
_erda
041 0 _aeng
082 0 4 _221
_a338.9
_bRO . E
092 0 4 _221
099 _aLaw1 13 338.9 RO . E 1937
100 1 _aRobbins , Lionel
_eAuthor.
245 1 4 _aEconomic Planning And International Order /
_cBy Lionel Robbins.
264 1 _aLondon :
_bMacmillan And Co Limited ,
_c1937.
300 _a330 pages ;
_c22 cm.
336 _2rda content
_atext
337 _2rda media
_aComputer
338 _2rda carrier
_aOnline Resource
504 _aIncludes bibliographical references.
546 _aText in English
650 1 _aPublic finance and tax legislation
856 4 0 _uhttps://fll.law.cu.edu.eg/fulltext/bks/B13-07555.pdf
905 _a48
942 _2ddc
_cBK
_e21
_n0
999 _c43939
_d43939